logo

Bir Sreshtho Munshi Abdur Rouf Library
Jhenaidah Cadet College

The making of a world power : (Record no. 7367)

MARC details
000 -LEADER
fixed length control field 00887cam a2200265 a 4500
001 - CONTROL NUMBER
JCCL Control Number 7367
003 - CONTROL NUMBER IDENTIFIER
JCCL marc code BD-JhCC
005 - DATE AND TIME OF LATEST TRANSACTION
control field 20180212104349.0
008 - FIXED-LENGTH DATA ELEMENTS--GENERAL INFORMATION
fixed length control field 000223s1999 enka b 001 0 eng d
020 ## - INTERNATIONAL STANDARD BOOK NUMBER
International Standard Book Number 0750920254
035 ## - SYSTEM CONTROL NUMBER
system control number (BD-JhCC) 7367
040 ## - CATALOGING SOURCE
Original cataloging agency UKM
Transcribing agency UKM
Modifying agency DLC
-- BD-JhCC
041 ## - LANGUAGE CODE
Language code of Book eng
050 00 - LIBRARY OF CONGRESS CALL NUMBER
Classification number DA375
Item number .W48 1999
082 00 - DEWEY DECIMAL CLASSIFICATION NUMBER
Classification number 942.06
DDC Edition number 21
Author mark and Year ANG 1960
100 1# - MAIN ENTRY--PERSONAL NAME
Personal name Angle, Paul M.
245 14 - TITLE STATEMENT
Title The making of a world power :
Remainder of title volume four selections from the American reader /
Statement of responsibility, etc Paul M. Angle,
260 ## - PUBLICATION, DISTRIBUTION, ETC. (IMPRINT)
Place of publication, distribution, etc Stroud :
Name of publisher, distributor, etc Sutton,
Date of publication, distribution, etc 1999.
300 ## - PHYSICAL DESCRIPTION
Pagination 223 p. :
Other physical details ill. ;
Dimensions 18 cm.
504 ## - BIBLIOGRAPHY, ETC. NOTE
Bibliography, etc Includes bibliographical references (p. 263-277) and index.
651 #0 - SUBJECT ADDED ENTRY--GEOGRAPHIC NAME
Geographic name Great Britain
General subdivision History
Chronological subdivision Stuarts, 1603-1714.
651 #0 - SUBJECT ADDED ENTRY--GEOGRAPHIC NAME
Geographic name Great Britain
General subdivision History, Military
Chronological subdivision 1603-1714.
856 42 - ELECTRONIC LOCATION AND ACCESS
Materials specified Book review (H-Net)
Uniform Resource Identifier http://www.h-net.org/review/hrev-a0b4x9-aa
942 ## - ADDED ENTRY ELEMENTS (KOHA)
Source of classification or shelving scheme Dewey Decimal Classification
Koha item type Books
Holdings
Source of classification or shelving scheme Damaged status Not for loan Home library Current library Shelving location Date of accession Total Checkouts Full call number Barcode Date last seen Copy number Koha item type
Dewey Decimal Classification     JCC Rouf Library JCC Rouf Library General Stacks 02/08/2018   942.06 ANG 1960 9902 02/08/2018 C-1 Books

JCC Library | Contacts | JCC Home

Last Update on 23 September 2017
Copyright @ 2017-2020 JCC Rouf Library
Rouf Library, Jhenidah Cadet College (JCC), Bangladesh